000 00439cam a2200181ua 4500
020 _c3.90
041 _aeng
_h
082 _a590
_bHAN/AN
100 _aHanson, Earl D .
245 _aAnimal diversity /
_cEarl D Hanson.
_hTextual Documents
250 _a1 /
_b.
260 _aNew Delhi :
_bPrentice Hall of India Pvt Ltd. ,
_c1958.
300 _a116 ; .
365 _a3.90
504 _a
942 _cBK
999 _c7213
_d7213